Premier league golden boot winners - Statistics

General Stats
  • This quiz has been taken 16 times
  • The average score is 29 of 41
Answer Stats
Season Player Goals % Correct
07/08 Cristiano Ronaldo 31
93%
24/25 Mohamed Salah 29
93%
21/22* Mohamed Salah 23
93%
18/19* Mohamed Salah 22
93%
17/18 Mohamed Salah 32
93%
09/10 Didier Drogba 29
86%
06/07 Didier Drogba 20
86%
23/24 Erling Haaland 27
86%
22/23 Erling Haaland 36
86%
20/21 Harry Kane 23
86%
16/17 Harry Kane 29
86%
15/16 Harry Kane 25
86%
19/20 Jamie Vardy 23
86%
02/03 Ruud van Nistelrooy 25
86%
12/13 Robin van Persie 26
79%
11/12 Robin van Persie 30
79%
14/15 Sergio Agüero 26
79%
96/97 Alan Shearer 25
71%
95/96 Alan Shearer 31
71%
94/95 Alan Shearer 34
71%
13/14 Luis Suárez 31
71%
98/99* Michael Owen 18
71%
97/98* Michael Owen 18
71%
18/19* Sadio Mané 22
71%
05/06 Thierry Henry 27
71%
04/05 Thierry Henry 25
71%
03/04 Thierry Henry 30
71%
01/02 Thierry Henry 24
71%
93/94 Andy Cole 34
64%
99/00 Kevin Phillips 30
64%
92/93 Teddy Sheringham 22
64%
10/11* Carlos Tevez 20
57%
10/11* Dimitar Berbatov 20
57%
21/22* Son Heung-min 23
57%
98/99* Dwight Yorke 18
50%
00/01 Jimmy Floyd Hasselbaink 23
50%
98/99* Jimmy Floyd Hasselbaink 18
50%
18/19* Pierre-Emerick Aubameyang 22
50%
97/98* Dion Dublin 18
36%
08/09 Nicolas Anelka 19
36%
98/99* Chris Sutton 18
29%
No matching quizzes found
Score Distribution
Percent of People with Each Score
Percentile by Number Answered
Your Score History
You have not taken this quiz